Cortezas
Uloženo v:
| Hlavní autor: | |
|---|---|
| Médium: | Kniha |
| Jazyk: | španělština |
| Vydáno: |
Santander
Asociación Shangrila
2014
|
| Vydání: | 1a. ed |
| Edice: | Contracampo, 7
|
| Témata: | |
| Tagy: |
Přidat tag
Žádné tagy, Buďte první, kdo vytvoří štítek k tomuto záznamu!
|
MARC
| LEADER | 00000cam a2200000 a 4500 | ||
|---|---|---|---|
| 001 | UCE5988 | ||
| 003 | CL-VaPUC | ||
| 008 | 150319e20140400sp |||||||||||||||||spa|d | ||
| 020 | |a 9788494175398 | ||
| 082 | 0 | 4 | |a 701.15 |b DID |2 21 |
| 100 | |a Didi-Huberman, Georges |e author |9 598908 | ||
| 245 | 1 | 0 | |a Cortezas |
| 250 | |a 1a. ed | ||
| 300 | |a 68 p | ||
| 942 | |c BK | ||
| 945 | |d 20150319 12:57:00 |a dcastane | ||
| 260 | |a Santander |b Asociación Shangrila |c 2014 | ||
| 650 | 0 | |a Psicología del arte |9 265264 | |
| 650 | 0 | |a Teoría del arte |9 387638 | |
| 650 | 0 | |a Percepción visual |9 267039 | |
| 650 | 0 | |a Semiótica |9 265317 | |
| 583 | |a last modification |c 20150319 12:57:00 |k Rodrigo Vera | ||
| 490 | 0 | |a Contracampo, 7 | |
| 999 | |c 358495 |d 358493 | ||
| 952 | |0 0 |1 0 |3 erb |4 0 |6 701_150000000000000_DID_2014 |7 0 |8 A |9 467229 |a BIBART |b BIBART |i 5141265 |o 701.15 DID 2014 |p 5141265 |r 2023-01-11 |w 2019-11-23 |y BK |z Catalogado en:20150319 |k ART | ||